[Event "Langenfeld- Lippstadt"]
[Site "?"]
[Date "2023.04.30"]
[Round "8.7"]
[White "Grobbel, Rainer"]
[Black "Unshelm, Jan Erik"]
[Result "1-0"]
[WhiteElo "2161"]
[BlackElo "1322"]
[PlyCount "99"]
[EventDate "2023.??.??"]
[SourceVersionDate "2023.06.22"]
[WhiteTeam "LSV Turm Lippstadt"]
[BlackTeam "Langenfelder SF"]

1. d4 Nf6 2. c4 c5 3. d5 e6 4. Nc3 exd5 5. cxd5 d6 6. e4 g6 7. f4 Qe7 8. Bd3
Bg7 9. Nf3 Bg4 10. O-O Nbd7 11. h3 Bxf3 12. Qxf3 O-O 13. Bd2 a6 14. a4 Rac8 15.
b3 Ne8 16. Rae1 Bd4+ 17. Kh1 Nc7 18. Ne2 Bg7 19. Bc3 b5 20. Bxg7 Kxg7 21. Ng3
bxa4 22. bxa4 f6 23. Qe2 a5 24. Qd2 Ra8 25. Rb1 Rfb8 26. Rxb8 Nxb8 27. Rb1 Qd8
28. Rb7 Kg8 29. Qb2 Nd7 30. Bb5 Nxb5 31. Qxb5 Nf8 32. Rb6 Ra7 33. Ne2 Qe7 34.
Nc3 f5 35. Qc4 Rb7 36. Rxb7 Qxb7 37. Nb5 Qe7 38. e5 dxe5 39. d6+ Qf7 40. Qxc5
Qd7 41. fxe5 Qe6 42. Nc7 Qa2 43. Qxa5 Qf2 44. Qd5+ Kh8 45. Qd1 Qe3 46. e6 Nxe6
47. Nxe6 Qxe6 48. d7 Kg7 49. d8=Q Kh6 50. Q1d2+ 1-0

[Event "Brackel 2- Elberfeld"]
[Site "?"]
[Date "2023.04.30"]
[Round "8.1"]
[White "Odendahl, Reiner"]
[Black "Stemmler, Fabian"]
[Result "1/2-1/2"]
[WhiteElo "2303"]
[BlackElo "2084"]
[PlyCount "42"]
[SourceVersionDate "2023.06.22"]

1. g3 Nf6 2. Bg2 g6 3. e4 d6 4. d4 Bg7 5. Ne2 O-O 6. O-O c6 7. c4 e5 8. Nbc3
Re8 9. h3 Nbd7 10. Be3 Qe7 11. Qc2 exd4 12. Nxd4 Nc5 13. Rfe1 Be6 14. b3 Bd7
15. Rad1 Rad8 16. Bc1 a5 17. Re2 Bc8 18. Bf4 Nh5 19. Be3 Nf6 20. Bf4 Nh5 21.
Be3 Nf6 1/2-1/2

[Event "Brackel 2- Elberfeld"]
[Site "?"]
[Date "2023.04.30"]
[Round "8.2"]
[White "Wensing, Maximilian"]
[Black "Volkov, Mykyta"]
[Result "1-0"]
[WhiteElo "2149"]
[BlackElo "2267"]
[PlyCount "149"]
[SourceVersionDate "2023.06.22"]

1. c4 e6 2. g3 d5 3. Bg2 Nf6 4. Nf3 Be7 5. O-O O-O 6. b3 d4 7. e3 c5 8. exd4
cxd4 9. d3 Nc6 10. Re1 a5 11. a3 Nd7 12. Qc2 e5 13. Nbd2 h6 14. Rb1 Re8 15. h3
f5 16. c5 Bxc5 17. b4 axb4 18. axb4 Bb6 19. Nc4 e4 20. dxe4 Nf6 21. exf5 Rxe1+
22. Nxe1 Bc7 23. b5 Ne7 24. b6 Bb8 25. g4 Ra6 26. Nd3 Ned5 27. Bd2 Kh7 28. Qb2
Ne3 29. fxe3 dxe3 30. Nc5 exd2 31. Qxd2 Qxd2 32. Nxd2 Ra2 33. Ndb3 Bf4 34. Re1
Bd7 35. Bxb7 Ba4 36. Nd4 Bg3 37. Re2 Ra1+ 38. Kg2 Bd6 39. Nxa4 Rxa4 40. Nc2 Ra2
41. Bf3 Rb2 42. b7 Bf4 43. Nd4 Rb4 44. Ne6 Bb8 45. Rd2 g5 46. Nc5 Ba7 47. Nd3
Rb1 48. Rb2 Rxb2+ 49. Nxb2 Nd7 50. Nd3 Kg7 51. Bc6 Nb8 52. Bd5 Kf6 53. Kf3 h5
54. Ke4 hxg4 55. hxg4 Bg1 56. Bc4 Bh2 57. Kd5 Nd7 58. Bb5 Nf8 59. Nc5 Ke7 60.
Na6 Nh7 61. Be2 Nf6+ 62. Kc6 Nd7 63. Bb5 Nf6 64. Be2 Nd7 65. Kd5 Nf6+ 66. Kc6
Nd7 67. Nb4 Nb8+ 68. Kd5 Nd7 69. Nc6+ Kf7 70. Nd8+ Kf6 71. Ne6 Bb8 72. Nc5 Nxc5
73. Kxc5 Ke7 74. Kc6 Bf4 75. f6+ 1-0

[Event "Brackel 2- Elberfeld"]
[Site "?"]
[Date "2023.04.30"]
[Round "8.3"]
[White "Dresen, Ulrich"]
[Black "Garbuz, Vitaliy"]
[Result "1/2-1/2"]
[WhiteElo "2184"]
[BlackElo "2154"]
[PlyCount "124"]
[SourceVersionDate "2023.06.22"]

1. d4 d5 2. Nf3 Nf6 3. c4 e6 4. Nc3 dxc4 5. e3 a6 6. a4 b6 7. Bxc4 Bb7 8. O-O
Nbd7 9. Qe2 Bb4 10. Rd1 O-O 11. Bd3 Bxc3 12. bxc3 Ne4 13. Bb2 f5 14. c4 Qe8 15.
Ne1 e5 16. f3 Nd6 17. Qd2 e4 18. Bf1 Qh5 19. f4 g5 20. Qf2 Nf6 21. Be2 Qh6 22.
Qg3 g4 23. Nc2 Qg6 24. a5 b5 25. Ba3 bxc4 26. Bxd6 cxd6 27. Bxc4+ Bd5 28. Na3
Rfc8 29. Rdc1 Qf7 30. Qh4 Bxc4 31. Nxc4 Rxc4 32. Qg5+ Kh8 33. Rxc4 Qxc4 34.
Qxf6+ Kg8 35. Qxf5 Qc3 36. Qd5+ Kg7 37. Qg5+ Kh8 38. Qf6+ Kg8 39. Qe6+ Kh8 40.
Qf6+ Kg8 41. Rb1 Qxe3+ 42. Kh1 Qd3 43. Qe6+ Kh8 44. Re1 Qxd4 45. Rxe4 Rb8 46.
g3 Qa1+ 47. Kg2 Qb2+ 48. Re2 Qb7+ 49. Kg1 Qa7+ 50. Kg2 Qa8+ 51. Kg1 Rb1+ 52.
Re1 Qa7+ 53. Kf1 Rxe1+ 54. Qxe1 Qb7 55. Qc3+ Kg8 56. Kf2 Kf7 57. Qc4+ d5 58.
Qd4 Qb5 59. Qa7+ Kg8 60. Qa8+ Kf7 61. Qa7+ Kg8 62. Qa8+ Kf7 1/2-1/2

[Event "Brackel 2- Elberfeld"]
[Site "?"]
[Date "2023.04.30"]
[Round "8.4"]
[White "Kracht, Raphael"]
[Black "Hintze, Helge"]
[Result "1/2-1/2"]
[WhiteElo "2149"]
[BlackElo "2262"]
[PlyCount "147"]
[SourceVersionDate "2023.06.22"]

1. e4 e6 2. f4 d5 3. e5 c5 4. Nf3 Nc6 5. c3 Qb6 6. Na3 Bd7 7. Nc2 c4 8. d3 cxd3
9. Bxd3 Nh6 10. Qe2 f6 11. Ncd4 Nxd4 12. Nxd4 f5 13. h3 Be7 14. O-O Rc8 15. Be3
Qc7 16. g4 g6 17. gxf5 Nxf5 18. Bxf5 exf5 19. Kh2 Qc4 20. Qd2 Kf7 21. e6+ Bxe6
22. Nf3 Bd6 23. Ng5+ Ke7 24. Rae1 Rhe8 25. b3 Qc6 26. Bxa7 Kd7 27. Bd4 Bg8 28.
Nf3 Qa6 29. Kg2 Qa3 30. Rxe8 Rxe8 31. Re1 Re4 32. Be5 Bxe5 33. Nxe5+ Ke7 34.
Nf3 h6 35. Nd4 Qd6 36. a4 Kf6 37. Rf1 Qe7 38. Rf2 Be6 39. Nf3 Qc7 40. Nd4 Bd7
41. h4 Qd6 42. Kf1 Kg7 43. Rf3 Kh7 44. Qf2 Qa3 45. Kg2 Qe7 46. Kf1 Kh8 47. Nc2
Be8 48. Re3 Bf7 49. Rxe4 dxe4 50. Nd4 Qa3 51. Qd2 Qd6 52. Kg1 Qd8 53. Qf2 Qe7
54. b4 Bc4 55. Nc2 Kh7 56. Ne3 Be6 57. Kh2 Qc7 58. h5 Qxc3 59. hxg6+ Kxg6 60.
b5 Qa3 61. Qg3+ Kf7 62. Qh3 Qb2+ 63. Ng2 Qf6 64. Qe3 Qe7 65. a5 Qb4 66. Qb6 Bd7
67. Qxb7 Qxb5 68. Qxb5 Bxb5 69. Ne3 Ke6 70. Kg3 Ba6 71. Kh4 Be2 72. Kg3 Ba6 73.
Kh4 Be2 74. Kg3 1/2-1/2

[Event "Brackel 2- Elberfeld"]
[Site "?"]
[Date "2023.04.30"]
[Round "8.5"]
[White "Kurr, Gerd"]
[Black "Gerlach, Felix"]
[Result "1/2-1/2"]
[WhiteElo "2211"]
[BlackElo "2078"]
[Annotator "daniel"]
[PlyCount "92"]
[SourceVersionDate "2023.06.22"]

1. d4 Nf6 2. Nf3 c5 3. c3 g6 4. Bf4 Bg7 5. e3 O-O 6. Nbd2 d6 7. h3 Nc6 8. dxc5
dxc5 9. Be2 Bf5 10. O-O Qd7 11. Nb3 b6 12. Qxd7 Nxd7 13. Rfd1 Nde5 14. g4 Be6
15. Nbd2 Rad8 16. Ng5 Bc8 17. Nc4 Bb7 18. Nxe5 Nxe5 19. Bxe5 Bxe5 20. f4 Bf6
21. Bf3 Bxg5 22. Bxb7 Bh4 23. Kg2 e6 24. Kf3 Rxd1 25. Rxd1 Rd8 26. Rxd8+ Bxd8
27. Ke4 Kf8 28. Kd3 Ke7 29. Kc4 Kd6 30. Kb5 a5 31. Bf3 f6 32. h4 h6 33. Be2 g5
$11 34. h5 Kc7 35. Bd3 gxf4 36. exf4 Be7 37. Bc4 e5 38. fxe5 fxe5 39. Bd3 Bg5
40. Be4 Bc1 41. b3 Bd2 42. Kc4 Kd6 43. Kd3 Bf4 44. Bg6 Bg5 45. Ke4 Bd2 46. Bf5
Bg5 1/2-1/2

[Event "Brackel 2- Elberfeld"]
[Site "?"]
[Date "2023.04.30"]
[Round "8.6"]
[White "Kartsev, Nikolay"]
[Black "Noetzel, Frank"]
[Result "1-0"]
[WhiteElo "2074"]
[BlackElo "2232"]
[PlyCount "99"]
[SourceVersionDate "2023.06.22"]

1. e4 e5 2. Nf3 Nc6 3. Bb5 f5 4. Nc3 fxe4 5. Nxe4 d5 6. Nxe5 dxe4 7. Nxc6 Qg5
8. Qe2 Nf6 9. Nxa7+ Bd7 10. Bxd7+ Nxd7 11. Qxe4+ Kd8 12. d3 Qa5+ 13. Bd2 Qxa7
14. Bg5+ Nf6 15. O-O Bd6 16. Rfe1 Qc5 17. Qxb7 Kd7 18. Bxf6 gxf6 19. Qe4 Rae8
20. Qa4+ c6 21. Qb3 Qh5 22. h3 Rhg8 23. d4 Rb8 24. Qe6+ Kc7 25. Rad1 Rbe8 26.
Qb3 Rb8 27. Qe6 Rg7 28. Qe3 Rbg8 29. g4 f5 30. d5 c5 31. Qa3 Rb8 32. Qa5+ Rb6
33. Qa7+ Rb7 34. Qa5+ Rb6 35. Rd3 Kb7 36. Ra3 Bb8 37. Qa8+ Kc8 38. Qa5 Bc7 39.
Qxc5 Qf7 40. d6 Rxd6 41. Ra8+ Kb7 42. Qa7+ Kc6 43. Qa6+ Kc5 44. b4+ Kxb4 45.
Rb1+ Kc3 46. Qa4 fxg4 47. Qb4+ Kxc2 48. Rb2+ Kd1 49. Qa4+ Ke1 50. Qe4+ 1-0

[Event "Brackel 2- Elberfeld"]
[Site "?"]
[Date "2023.04.30"]
[Round "8.7"]
[White "Tymura, Achim"]
[Black "Seref, Erdogan"]
[Result "0-1"]
[WhiteElo "2042"]
[BlackElo "1947"]
[Annotator "daniel"]
[PlyCount "50"]
[SourceVersionDate "2023.06.22"]

1. d4 d5 2. c4 dxc4 3. Nf3 Nf6 4. e3 e6 5. Bxc4 c5 6. O-O a6 7. Nc3 Be7 8. b3
O-O 9. Bb2 Nc6 10. Ne2 b5 11. Bd3 Bb7 12. Rc1 cxd4 13. Nexd4 Nxd4 14. Nxd4 Qd5
15. f3 Bc5 16. Qe2 Rac8 17. Rcd1 Rfd8 18. Bb1 Qh5 19. Rd2 $11 Rd7 20. Rfd1 Bb4
21. Rc2 Rcd8 22. a3 Bd6 23. g3 Bxg3 24. hxg3 Bxf3 25. Nxf3 Rxd1+ 0-1

[Event "Brackel 2- Elberfeld"]
[Site "?"]
[Date "2023.04.30"]
[Round "8.8"]
[White "Slawnna, Aaron"]
[Black "Werbeck, Torsten"]
[Result "1-0"]
[WhiteElo "1914"]
[BlackElo "2007"]
[Annotator "daniel"]
[PlyCount "139"]
[SourceVersionDate "2023.06.22"]

1. e4 g6 2. d4 c6 3. Nc3 d6 4. Be3 Bg7 5. Qd2 Qa5 6. Bc4 Nf6 7. f3 Nbd7 8. Nge2
a6 9. Bb3 c5 $11 10. O-O-O b5 11. dxc5 dxc5 12. e5 c4 13. exf6 Nxf6 14. Bc5
cxb3 15. cxb3 Qc7 16. b4 O-O 17. Qe3 Re8 18. Kb1 Bb7 19. g4 Nd7 20. Nd5 Bxd5
21. Rxd5 e6 22. Rd3 Nxc5 23. bxc5 Rec8 24. Rc1 a5 25. h4 Ra6 26. Nd4 Bxd4 27.
Qxd4 Rc6 28. Rdc3 b4 29. Rc4 e5 30. Qe3 Qe7 31. h5 g5 32. a3 bxa3 33. Qxa3 Qc7
34. Qe3 h6 35. Ka2 Kg7 36. Ka3 Rb8 37. Qc3 Re8 38. Rd1 Ree6 39. Rd5 Re8 40. Qd3
Rf6 41. Rd6 Ree6 42. Rxe6 Rxe6 43. Qd5 Rc6 44. b3 Kg8 45. Kb2 Kg7 46. Kc2 Kg8
47. Kd3 Qb7 48. Qd8+ Kg7 49. Qxa5 Qxb3+ 50. Qc3 Qb1+ 51. Ke3 Kf6 52. Qc1 Qb3+
53. Rc3 Qd5 54. Qc2 Qd4+ 55. Ke2 Ke7 56. Qd3 Qf4 57. Qd5 Qh2+ 58. Kd3 Re6 59.
c6 e4+ 60. fxe4 Qc7 61. Kc2 Ke8 62. Rc5 Qh2+ 63. Kb3 Qc7 64. Kc4 Rf6 65. Qe5+
Qxe5 66. Rxe5+ Kd8 67. Kb5 Rf1 68. Kb6 Rb1+ 69. Rb5 Rc1 70. Kb7 1-0

[Event "Bochum- Oberhausen"]
[Site "?"]
[Date "2023.04.30"]
[Round "8.1"]
[White "Becker, Marcel"]
[Black "Zatonskih, Anna"]
[Result "1/2-1/2"]
[WhiteElo "2316"]
[BlackElo "2327"]
[PlyCount "49"]
[SourceVersionDate "2023.06.22"]

1. d4 d5 2. c4 e6 3. Nf3 Nf6 4. Nc3 Be7 5. Bf4 O-O 6. e3 b6 7. a3 c5 8. dxc5
bxc5 9. Be2 Bb7 10. O-O Nbd7 11. Rc1 Nb6 12. Ne5 Rc8 13. Qb3 Bd6 14. Rfd1 Qe7
15. Bg3 Rfd8 16. a4 Bxe5 17. Bxe5 dxc4 18. Bxc4 Nfd5 19. a5 Nxc4 20. Qxc4 Nb4
21. Rxd8+ Rxd8 22. Rd1 Nc6 23. Rxd8+ Qxd8 24. Qxc5 Qxa5 25. Qxa5 1/2-1/2

[Event "Bochum- Oberhausen"]
[Site "?"]
[Date "2023.04.30"]
[Round "8.2"]
[White "Friedmann, Rafael"]
[Black "Hort, Vlastimil"]
[Result "1/2-1/2"]
[WhiteElo "2421"]
[BlackElo "2326"]
[Annotator "daniel"]
[PlyCount "85"]
[SourceVersionDate "2023.06.22"]

1. Nf3 Nf6 2. g3 d5 3. Bg2 g6 4. b3 Bg7 5. Bb2 O-O 6. c4 c6 7. O-O Nbd7 8. e3
b6 9. d4 Ne4 10. Nbd2 Ndf6 11. Ne5 Bb7 12. Rc1 Rc8 13. Nxe4 Nxe4 14. Qd3 f6 15.
Nf3 Qd7 16. Rfd1 b5 17. Nd2 f5 18. Bf1 bxc4 19. bxc4 Nd6 20. Ba3 Ba6 21. Bxd6
exd6 22. Qa3 Bxc4 23. Bxc4 dxc4 24. Nxc4 Rfd8 25. Qa6 Rc7 26. Na5 Rdc8 27. Rb1
Qf7 28. a4 Qd5 29. Rdc1 c5 30. dxc5 dxc5 31. Rd1 Qf7 32. Qc4 Qxc4 33. Nxc4 Bf8
34. Kf1 Kf7 35. Ke2 Ke6 36. f3 Be7 37. Rd3 Rd7 38. Rxd7 Kxd7 39. Rb7+ Rc7 40.
Rb8 Kc6 41. Kd3 Rd7+ 42. Kc2 Rd8 43. Na5+ {Rest nicht leserlich!} 1/2-1/2

[Event "Bochum- Oberhausen"]
[Site "?"]
[Date "2023.04.30"]
[Round "8.3"]
[White "Kummerow, Heiko"]
[Black "Illner, Achim"]
[Result "1/2-1/2"]
[WhiteElo "2182"]
[BlackElo "2446"]
[PlyCount "46"]
[SourceVersionDate "2023.06.22"]

1. e4 c6 2. d4 d5 3. e5 c5 4. dxc5 Nc6 5. f4 e6 6. Be3 d4 7. Bf2 Bxc5 8. Bd3
Nge7 9. Ne2 O-O 10. O-O b6 11. Nd2 Bb7 12. a3 a5 13. Nf3 Nd5 14. Qd2 Ne3 15.
Bxe3 dxe3 16. Qe1 h6 17. Rd1 Qe7 18. Kh1 f6 19. Qg3 Qf7 20. Bg6 Qc7 21. Bd3 Qf7
22. Bg6 Qc7 23. Bd3 Qf7 1/2-1/2

[Event "Bochum- Oberhausen"]
[Site "?"]
[Date "2023.04.30"]
[Round "8.4"]
[White "Heinbuch, Detlef"]
[Black "Alkhazashvili, Ololi"]
[Result "0-1"]
[WhiteElo "2255"]
[BlackElo "2188"]
[PlyCount "48"]
[SourceVersionDate "2023.06.22"]

1. c4 c5 2. g3 Nc6 3. Bg2 g6 4. Nc3 Bg7 5. Nf3 d6 6. O-O e5 7. a3 Nge7 8. b4 e4
9. Ne1 f5 10. bxc5 dxc5 11. Bb2 O-O 12. d3 Qa5 13. Rc1 Rd8 14. Qb3 Nd4 15. Qa2
Be6 16. dxe4 b5 17. exf5 Bxc4 18. Qb1 Nexf5 19. Bxa8 Rxa8 20. e3 Bxf1 21. Kxf1
Nb3 22. Rc2 Bxc3 23. Bxc3 Qxc3 24. Qd1 Qe5 0-1

[Event "Bochum- Oberhausen"]
[Site "?"]
[Date "2023.04.30"]
[Round "8.5"]
[White "Ciornei, Dragos"]
[Black "Zatonskih, Vitaly"]
[Result "1-0"]
[WhiteElo "2039"]
[BlackElo "2249"]
[PlyCount "47"]
[SourceVersionDate "2023.06.22"]

1. e4 c6 2. d4 d5 3. Nc3 dxe4 4. Nxe4 Bf5 5. Ng3 Bg6 6. Bc4 e6 7. N1e2 Bd6 8.
h4 h6 9. Nf4 Ne7 10. c3 b5 11. Bb3 Bxf4 12. Bxf4 Nd7 13. h5 Bh7 14. Qg4 Kf8 15.
Qf3 Nf6 16. Bxh6 Nfd5 17. Bg5 f6 18. h6 Nf5 19. hxg7+ Kxg7 20. Nh5+ Kg6 21.
Bxd5 fxg5 22. Bxe6 Nh4 23. Qf7+ Kh6 24. Qg7+ 1-0

[Event "Bochum- Oberhausen"]
[Site "?"]
[Date "2023.04.30"]
[Round "8.6"]
[White "Kiese, Matthias"]
[Black "Nissen, Claus"]
[Result "1/2-1/2"]
[WhiteElo "2161"]
[BlackElo "2135"]
[PlyCount "42"]
[SourceVersionDate "2023.06.22"]

1. d4 d5 2. Nf3 e6 3. c4 Nf6 4. Nc3 c6 5. cxd5 exd5 6. Bg5 Be7 7. Qc2 O-O 8. e3
Ne4 9. Bf4 Bd6 10. Bxd6 Qxd6 11. Bd3 Nf6 12. O-O Bg4 13. Ne5 Bh5 14. f4 Bg6 15.
f5 Bh5 16. h3 Nbd7 17. Nxd7 Nxd7 18. Qf2 f6 19. Rae1 Rfe8 20. e4 dxe4 21. Nxe4
Qc7 1/2-1/2

[Event "Bochum- Oberhausen"]
[Site "?"]
[Date "2023.04.30"]
[Round "8.8"]
[White "Golinka, Oleksandr"]
[Black "Kohl, Niclas"]
[Result "1-0"]
[WhiteElo "2186"]
[BlackElo "1637"]
[PlyCount "75"]
[SourceVersionDate "2023.06.22"]

1. e4 e6 2. d4 d5 3. Nd2 Nf6 4. e5 Nfd7 5. Bd3 c5 6. c3 Nc6 7. Ne2 Qb6 8. Nf3
f6 9. exf6 Nxf6 10. O-O Bd6 11. b3 cxd4 12. cxd4 O-O 13. Bb2 Bd7 14. Rc1 Ng4
15. Ng3 Rae8 16. Bxh7+ Kxh7 17. Ng5+ Kg8 18. Qxg4 Bf4 19. Qh5 Bxg5 20. Qxg5 Qd8
21. Qe3 Ne7 22. Rfe1 Nf5 23. Qe5 Qf6 24. Nxf5 Qxf5 25. f3 Qxe5 26. Rxe5 Rc8 27.
Re2 Rxc1+ 28. Bxc1 Rc8 29. Bf4 Kf7 30. h4 Bb5 31. Rd2 Rc3 32. Be5 g6 33. Bd6
Bd3 34. Rd1 Bb5 35. Kh2 Rc2 36. a4 Be2 37. Re1 Bxf3 38. Rf1 1-0

[Event "Bünde- Godesberg"]
[Site "?"]
[Date "2023.04.30"]
[Round "8.1"]
[White "Koehler, Christian"]
[Black "Pieper- Emden, Carsten"]
[Result "1/2-1/2"]
[WhiteElo "2188"]
[BlackElo "2248"]
[PlyCount "24"]
[SourceVersionDate "2023.06.22"]

1. f4 g6 2. Nf3 Bg7 3. g3 b6 4. Bg2 Bb7 5. O-O c5 6. d3 d5 7. e4 dxe4 8. Ng5
Nc6 9. Nxe4 e6 10. Nbd2 Qc7 11. Nf3 Nf6 12. Nxf6+ Bxf6 1/2-1/2

[Event "Bünde- Godesberg"]
[Site "?"]
[Date "2023.04.30"]
[Round "8.2"]
[White "Brunke, Pascal"]
[Black "Seger, Ruediger"]
[Result "1/2-1/2"]
[WhiteElo "2166"]
[BlackElo "2262"]
[PlyCount "83"]
[SourceVersionDate "2023.06.22"]

1. e4 c6 2. Nc3 d5 3. Nf3 dxe4 4. Nxe4 Nf6 5. Qe2 Nxe4 6. Qxe4 Qa5 7. b4 Qf5 8.
Qe3 Qe6 9. c4 Qxe3+ 10. fxe3 Nd7 11. d4 g6 12. Bd3 Bg7 13. Bb2 O-O 14. O-O e5
15. c5 exd4 16. Bxd4 Nf6 17. Bc4 Be6 18. Bxe6 fxe6 19. Rad1 Rae8 20. a3 Re7 21.
Be5 Ne4 22. Bd6 Nxd6 23. cxd6 Rd7 24. Ng5 Bh6 25. Rxf8+ Kxf8 26. Nxe6+ Kf7 27.
Nf4 Bf8 28. e4 Bxd6 29. Kf2 Ke8 30. Nd3 Rf7+ 31. Ke3 Bxh2 32. e5 Bg3 33. Ke4
Rf5 34. a4 a6 35. b5 axb5 36. axb5 cxb5 37. Rb1 Kd7 38. Rxb5 Kc6 39. Rc5+ Kd7
40. Rd5+ Kc7 41. Rc5+ Kd7 42. Rd5+ 1/2-1/2

[Event "Bünde- Godesberg"]
[Site "?"]
[Date "2023.04.30"]
[Round "8.3"]
[White "Rybarczyk, Klaus"]
[Black "Kettler, Ilija"]
[Result "1-0"]
[WhiteElo "2160"]
[BlackElo "2114"]
[PlyCount "21"]
[SourceVersionDate "2023.06.22"]

1. Nf3 d5 2. c4 d4 3. b4 Nf6 4. g3 c5 5. Bg2 cxb4 6. a3 e6 7. axb4 Bxb4 8. Qa4+
Nc6 9. Ne5 a5 10. Nxc6 bxc6 11. Qxc6+ 1-0

[Event "Bünde- Godesberg"]
[Site "?"]
[Date "2023.04.30"]
[Round "8.4"]
[White "Brunke, Christian"]
[Black "Brandt, Sebastian"]
[Result "1/2-1/2"]
[WhiteElo "2166"]
[BlackElo "2177"]
[PlyCount "77"]
[SourceVersionDate "2023.06.22"]

1. e4 c5 2. c3 Nf6 3. e5 Nd5 4. Nf3 Nc6 5. d4 e6 6. Bc4 cxd4 7. Bxd5 exd5 8.
O-O d6 9. Re1 Be6 10. cxd4 dxe5 11. Nxe5 Bd6 12. Qh5 O-O 13. Nxc6 bxc6 14. Nd2
Qa5 15. Nf3 Rae8 16. Bd2 Qb6 17. Bc3 f6 18. Nd2 Qc7 19. Nf1 Qd7 20. Qe2 Qf7 21.
Qa6 Rc8 22. Re2 Bg4 23. f3 Bf5 24. Ng3 Bd7 25. Rae1 h5 26. Qd3 f5 27. Qd2 f4
28. Nh1 g5 29. Bb4 Bxb4 30. Qxb4 Rfe8 31. Re5 Rxe5 32. Rxe5 Qg6 33. Qe7 Qb1+
34. Re1 Qf5 35. Re5 Qb1+ 36. Re1 Qf5 37. Re5 Qb1+ 38. Re1 Qf5 39. Re5 1/2-1/2

[Event "Bünde- Godesberg"]
[Site "?"]
[Date "2023.04.30"]
[Round "8.5"]
[White "Broehl, Stephan"]
[Black "Altenbernd, Jannis"]
[Result "1-0"]
[WhiteElo "2129"]
[BlackElo "1989"]
[Annotator "daniel"]
[PlyCount "69"]
[SourceVersionDate "2023.06.22"]

1. e4 c5 2. Nf3 d6 3. d4 cxd4 4. Qxd4 a6 5. c4 Nc6 6. Qe3 g6 7. Be2 Bg7 8. O-O
Nf6 9. h3 O-O 10. Rd1 Qc7 11. Nc3 Bd7 12. Rb1 Rac8 13. b3 Ne5 14. Bb2 Nxf3+ 15.
Qxf3 Qa5 16. a3 Be6 $11 17. b4 Qc7 18. Nd5 Nxd5 19. Bxg7 Kxg7 20. exd5 Bd7 21.
Rbc1 Kg8 22. Rd4 e5 23. dxe6 Bxe6 24. Rcd1 Rfd8 25. Qf4 Qe7 26. Qd2 Re8 27.
Rxd6 Bxc4 28. Bxc4 Rxc4 29. Rd7 Qe4 30. Qb2 Qc6 31. R1d6 Qe4 32. Qf6 Rc1+ 33.
Kh2 Qc4 34. Rd5 Rf8 35. Rd8 1-0

[Event "Bünde- Godesberg"]
[Site "?"]
[Date "2023.04.30"]
[Round "8.6"]
[White "Hagemeier, Ulrich"]
[Black "Kutzner, Stephen"]
[Result "0-1"]
[WhiteElo "1974"]
[BlackElo "2078"]
[PlyCount "124"]
[SourceVersionDate "2023.06.22"]

1. d4 d5 2. c4 e6 3. Nc3 Be7 4. Nf3 Nf6 5. cxd5 exd5 6. Bf4 c6 7. e3 O-O 8. Bd3
Re8 9. O-O Nbd7 10. Rc1 Nf8 11. h3 Ne6 12. Bh2 Bf8 13. a3 h6 14. Bb1 Ng5 15.
Ne5 Nge4 16. f3 Nd6 17. Re1 Be6 18. Na4 Nc4 19. Qc2 g6 20. Qf2 Nxe5 21. Bxe5
Nd7 22. Bg3 b5 23. Nc5 Nxc5 24. dxc5 Bg7 25. Rcd1 Qf6 26. Re2 Bf5 27. e4 dxe4
28. fxe4 Be6 29. Qxf6 Bxf6 30. Rd6 Rac8 31. Rdd2 Bc4 32. Re1 Bg5 33. Rd6 Be7
34. e5 Bxd6 35. cxd6 Be6 36. Bd3 a6 37. Be4 Kg7 38. Rc1 Bd7 39. Bf3 Red8 40.
Bf2 f6 41. exf6+ Kf7 42. Bb6 Rf8 43. Bc7 Kxf6 44. Bxc6 Bxc6 45. Rxc6 Ke6 46.
Rxa6 Kd7 47. Rb6 Rf5 48. b3 Ra8 49. a4 bxa4 50. bxa4 Rxa4 51. Rb2 h5 52. h4
Rxh4 53. Bb8 Rd4 54. Re2 g5 55. Bc7 h4 56. Re7+ Kc6 57. Bb8 Rdd5 58. Re2 g4 59.
Kh2 Rf1 60. Rc2+ Kd7 61. Rc7+ Kd8 62. Rg7 Rdd1 0-1

[Event "Bünde- Godesberg"]
[Site "?"]
[Date "2023.04.30"]
[Round "8.7"]
[White "Mittmann, Johannes"]
[Black "Gudath, Reiner"]
[Result "0-1"]
[WhiteElo "2095"]
[BlackElo "1940"]
[Annotator "daniel"]
[PlyCount "110"]
[SourceVersionDate "2023.06.22"]

1. e4 c5 2. Nf3 e6 3. d4 cxd4 4. Nxd4 a6 5. Bd3 Bc5 6. Nb3 Ba7 7. O-O Nc6 8.
Nc3 Nf6 9. a4 h6 10. Bf4 d6 11. Qf3 e5 12. Be3 Be6 13. Nd5 Bxd5 14. exd5 Nb4
$11 15. Be4 Nxe4 16. Qxe4 a5 17. Bxa7 Rxa7 18. Nd4 O-O 19. Nf5 Qf6 20. Ne3 Qf4
21. Qxf4 exf4 22. Nf5 Nxc2 23. Rac1 Nb4 24. Rfd1 Rd8 25. Rd4 b6 26. h4 Kh7 27.
h5 g6 28. Nh4 Re8 29. Nf3 Re2 30. hxg6+ fxg6 31. Rc8 Rd7 32. Rxf4 Nxd5 33. Rff8
Rxb2 34. Rh8+ Kg7 35. Rcg8+ Kf7 36. Nh4 Ne7 37. Rb8 Kg7 38. Nf3 Rb1+ 39. Kh2
Rb2 40. Nd4 Kf6 41. f4 Nf5 42. Nb5 Rb4 43. g4 Ne3 44. Rhf8+ Rf7 45. g5+ hxg5
46. fxg5+ Ke6 47. Rbe8+ Re7 48. Rd8 Rh7+ 49. Kg1 Nf5 50. Nxd6 Rg4+ 51. Kf1 Rh1+
52. Ke2 Rh2+ 53. Kd3 Rh3+ 54. Ke2 Rg2+ 55. Kf1 Ne3+ 0-1

[Event "Sodingen- Porz 2"]
[Site "?"]
[Date "2023.04.30"]
[Round "8.1"]
[White "Malykin, Vitaly"]
[Black "Boehnke, Martin"]
[Result "1-0"]
[WhiteElo "2332"]
[BlackElo "2159"]
[PlyCount "67"]
[SourceVersionDate "2023.06.22"]

1. Nf3 d5 2. d4 Nf6 3. c4 c6 4. Nc3 dxc4 5. e4 b5 6. Qc2 Bb7 7. e5 Nd5 8. e6 f6
9. b3 cxb3 10. Qxb3 Nxc3 11. Qxc3 Qd5 12. Bd3 Qxe6+ 13. Be3 Nd7 14. O-O Nb6 15.
Qc2 g6 16. Rfe1 Qd7 17. h4 e6 18. h5 gxh5 19. Bd2 Be7 20. Re2 O-O-O 21. Rxe6
Kb8 22. Bf5 Qc7 23. Ba5 Rd6 24. Re3 Bd8 25. Bb4 Rd5 26. Be6 Qg7 27. Rae1 Bc7
28. Bxd5 Nxd5 29. Re8+ Bd8 30. Ba5 Nc7 31. Bxc7+ Kxc7 32. Rxh8 Qxh8 33. d5 Kb6
34. dxc6 1-0

[Event "Sodingen- Porz 2"]
[Site "?"]
[Date "2023.04.30"]
[Round "8.2"]
[White "Waldschmidt, Georg"]
[Black "Gallasch, Jonas"]
[Result "0-1"]
[WhiteElo "2183"]
[BlackElo "2296"]
[PlyCount "82"]
[SourceVersionDate "2023.06.22"]

1. e4 c6 2. d4 d5 3. exd5 cxd5 4. Bd3 Nc6 5. c3 Qc7 6. h3 g6 7. Ne2 Bf5 8. Bxf5
gxf5 9. Bf4 Qd7 10. Nd2 e6 11. g4 Nge7 12. Ng3 Ng6 13. Bg5 Be7 14. Bxe7 Qxe7
15. gxf5 exf5+ 16. Qe2 f4 17. Nf5 Qxe2+ 18. Kxe2 Kd7 19. Nh6 Rhe8+ 20. Kd3 f3
21. Nxf3 Nf4+ 22. Kc2 Re2+ 23. Kb3 Nd3 24. Rab1 Na5+ 25. Ka4 Nc4 26. Ne5+ Ndxe5
27. dxe5 Nxb2+ 28. Kb5 Rc8 29. Rhe1 a6+ 30. Kb6 Rxe1 31. Rxe1 Rc6+ 32. Kxb7
Rxh6 33. Re3 Na4 34. Rf3 Nc5+ 35. Ka7 Ke6 36. Kb6 Nd7+ 37. Kxa6 Nxe5 38. Re3
Rf6 39. f3 Rxf3 40. Rxf3 Nxf3 41. a4 Ne5 0-1

[Event "Sodingen- Porz 2"]
[Site "?"]
[Date "2023.04.30"]
[Round "8.3"]
[White "Perkampus, Laurin"]
[Black "Werrn, Pascal"]
[Result "1-0"]
[WhiteElo "2165"]
[BlackElo "2107"]
[PlyCount "79"]
[SourceVersionDate "2023.06.22"]

1. d4 Nf6 2. c4 c5 3. d5 e5 4. Nc3 d6 5. e4 Be7 6. h3 O-O 7. Nf3 Ne8 8. g4 Na6
9. Bd3 Nac7 10. Be3 Rb8 11. a4 b6 12. Qe2 a6 13. Ra3 Bd7 14. Rg1 Qc8 15. Nd2
Qb7 16. Rb3 b5 17. cxb5 axb5 18. axb5 Ra8 19. Kf1 g6 20. Kg2 Ng7 21. Ra3 f5 22.
gxf5 gxf5 23. Rxa8 Nxa8 24. Bh6 Nc7 25. Kh2 Nce8 26. exf5 Bxf5 27. Bxf5 Rxf5
28. Nde4 Bf8 29. Qg4 Qf7 30. Ra1 Nf6 31. Nxf6+ Rxf6 32. Be3 Rg6 33. Qe4 Nf5 34.
Rg1 Nxe3 35. Rxg6+ hxg6 36. Qxe3 Bh6 37. Qe2 Bc1 38. Kg2 Kg7 39. Qf3 Qb7 40.
Qe2 1-0